| 000 | 00583nam a2200229Ia 4500 | ||
|---|---|---|---|
| 003 | OSt | ||
| 005 | 20221007071232.0 | ||
| 006 | a|||||r|||| 00| 0 | ||
| 007 | ta | ||
| 008 | 221006b |||||||| |||| 00| 0 eng d | ||
| 024 | _a18,395 | ||
| 037 | _cTextual | ||
| 040 |
_aFLL _cFLL _beng |
||
| 041 |
_2eng _aeng |
||
| 082 | _aZxN17,1, K6 | ||
| 100 |
_aHinds A. Au. _9688379 |
||
| 245 | 0 | _aContempt of court | |
| 260 |
_aLondon _bBoley head England _c1966 |
||
| 300 |
_a255p _ccm. |
||
| 942 |
_hZxN17,1, K6 _cTEXL _2CC |
||
| 999 |
_c1142827 _d1142827 |
||